000 01523cam a2200349Ia 4500
001 royalservicemytw00barr
003 CaSfIA
005 20210119075806.0
007 cr||||
008 840119t19841983nyuaf 000 0beng
010 _a 82022844
040 _aDLC
_cLIM
_dOCL
_dOCLCQ
_dOCLCG
_dCaSfIA
020 _a0380673975 :
_c$3.50
020 _a9780380673971
035 _a(OCoLC)10315450
043 _ae-uk---
050 0 _aDA591.A33
_bB37 1984
092 _a941.085/092/4
_aB
100 1 _aBarry, Stephen P.,
_d1948-
245 1 0 _aRoyal service :
_h[electronic resource]
_bmy twelve years as valet to Prince Charles /
_cStephen P. Barry.
260 _aNew York :
_bAvon,
_c1984, c1983.
300 _avi, 246 p., [16] p. of plates :
_bill. ;
_c24 cm.
600 0 0 _aCharles,
_cPrince of Wales,
_d1948-
650 0 _aPrincesses
_zGreat Britain
_vBiography.
600 1 0 _aBarry, Stephen P.,
_d1948-
650 0 _aValets
_zGreat Britain
_vBiography.
856 4 1 _uhttp://www.archive.org/details/royalservicemytw00barr
_zFree eBook from the Internet Archive
856 4 2 _uhttp://www.openlibrary.org/books/OL24218657M
_zAdditional information and access via Open Library
942 _cEB
506 _fНеобхідна авторизація на https://archive.org/ (створення облікового запису безкоштовно)
506 _fНеобхідна авторизація на https://openlibrary.org/ (створення облікового запису безкоштовно)
999 _c544879
_d544879